000 005950000a22001810004500
003 MACL
005 20160525123619.0
008 160525b xxu||||| |||| 00| 0 eng d
040 _aMACL
_cMACL
041 _aHindi
082 _a891.433 DHU
100 _aधूमकेतु
_959362
245 _aमहारानी कुमारदेवी
_cधुमकेतु
260 _bसुरेन्‍द्रकुकार एण्‍ड सन्‍ज
_c2001
_aनई दिल्‍ली
350 _a250
650 _aHindi Literature
_959363
942 _cHIN
_k800/DHU/N
_2ddc
999 _c9138
_d9138